Der Leib - seine Bedeutung für die heutige Medizin
| Corporate Author: | |
|---|---|
| Contributors: | |
| Format: | Print Book |
| Language: | German |
| Subito Delivery Service: | Order now. |
| Check availability: | HBZ Gateway |
| WorldCat: | WorldCat |
| Interlibrary Loan: | Interlibrary Loan for the Fachinformationsdienste (Specialized Information Services in Germany) |
| Published: |
Bern Berlin Frankfurt am Main Wien [u.a.]
Lang
2000
|
| In: |
Komplementäre Medizin im interdisziplinären Diskurs (4)
Year: 2000 |
| Series/Journal: | Komplementäre Medizin im interdisziplinären Diskurs
4 |
| Standardized Subjects / Keyword chains: | B
Body
/ Medicine
B Body |
| Further subjects: | B
Collection of essays
B Alternative Medicine Philosophy B Medicine Philosophy B Mind and body B Human Body B Lectures B Philosophy B Body, Human (Philosophy) |
| Online Access: |
Table of Contents |
MARC
| LEADER | 00000cam a2200000 c 4500 | ||
|---|---|---|---|
| 001 | 312100337 | ||
| 003 | DE-627 | ||
| 005 | 20251222215156.0 | ||
| 007 | tu | ||
| 008 | 000411s2000 sz ||||| 00| ||ger c | ||
| 015 | |a 00,N16,0473 |2 dnb | ||
| 015 | |a 00,A45,1218 |2 dnb | ||
| 016 | 7 | |a 95854431X |2 DE-101 | |
| 020 | |a 3906764672 |c : sfr 48.00 (freier Pr.) |9 3-906764-67-2 | ||
| 035 | |a (DE-627)312100337 | ||
| 035 | |a (DE-576)087689308 | ||
| 035 | |a (DE-599)GBV312100337 | ||
| 035 | |a (OCoLC)231865938 | ||
| 035 | |a (OCoLC)47177452 | ||
| 040 | |a DE-627 |b ger |c DE-627 |e rakwb | ||
| 041 | |a ger | ||
| 044 | |c XA-CH |c XA-DE |c XA-BE | ||
| 050 | 0 | |a R723 | |
| 060 | 0 | |a HM 110 | |
| 082 | 0 | |a 610/.1 |q LOC |2 21 | |
| 082 | 0 | |a 610.1 | |
| 084 | |a 33 |a 10 |a 11 |2 sdnb | ||
| 084 | |a DF 4500 |2 rvk |0 (DE-625)rvk/19547:761 | ||
| 084 | |a BK 8200 |2 rvk |0 (DE-625)rvk/11966: | ||
| 084 | |a YU 4003 |2 rvk |0 (DE-625)rvk/154199:12909 | ||
| 084 | |a YU 4000 |2 rvk |0 (DE-625)rvk/154199:12905 | ||
| 191 | |a 1 | ||
| 245 | 0 | 4 | |a Der Leib - seine Bedeutung für die heutige Medizin |c [Kollegiale Instanz für Komplementärmedizin, Universität Bern]. André Thurneysen (Hrsg.) |
| 264 | 1 | |a Bern |a Berlin |a Frankfurt am Main |a Wien [u.a.] |b Lang |c 2000 | |
| 300 | |a 182 S. |b Ill. |c 23 cm | ||
| 336 | |a Text |b txt |2 rdacontent | ||
| 337 | |a ohne Hilfsmittel zu benutzen |b n |2 rdamedia | ||
| 338 | |a Band |b nc |2 rdacarrier | ||
| 490 | 1 | |a Komplementäre Medizin im interdisziplinären Diskurs |v 4 | |
| 500 | |a Literaturangaben | ||
| 583 | 1 | |a Archivierung/Langzeitarchivierung gewährleistet |c 20211213 |f SLG |x XA-DE-BW |z IGPP |2 pdager |5 DE-25 | |
| 583 | 1 | |a Archivierung prüfen |c 20240324 |f DE-4165 |z 3 |2 pdager | |
| 650 | 0 | |a Medicine |x Philosophy | |
| 650 | 0 | |a Alternative Medicine |x Philosophy | |
| 650 | 0 | |a Body, Human (Philosophy) | |
| 650 | 0 | |a Mind and body | |
| 650 | 2 | |a Human Body | |
| 650 | 2 | |a Philosophy | |
| 650 | 2 | |a Lectures | |
| 655 | 7 | |a Aufsatzsammlung |0 (DE-588)4143413-4 |0 (DE-627)105605727 |0 (DE-576)209726091 |2 gnd-content | |
| 689 | 0 | 0 | |d s |0 (DE-588)4132852-8 |0 (DE-627)10568452X |0 (DE-576)209639040 |2 gnd |a Leib |
| 689 | 0 | 1 | |d s |0 (DE-588)4038243-6 |0 (DE-627)104584963 |0 (DE-576)209029218 |2 gnd |a Medizin |
| 689 | 0 | |5 DE-101 | |
| 689 | 1 | 0 | |d s |0 (DE-588)4031575-7 |0 (DE-627)106264915 |0 (DE-576)208993282 |2 gnd |a Körper |
| 689 | 1 | |5 DE-101 | |
| 700 | 1 | |0 (DE-588)121843424 |0 (DE-627)081570902 |0 (DE-576)292914040 |4 oth |a Thurneysen, André |d 1947- | |
| 710 | 2 | |0 (DE-588)6013943-2 |0 (DE-627)311717187 |0 (DE-576)198638450 |4 oth |a Universität Bern |b Kollegiale Instanz für Komplementärmedizin | |
| 830 | 0 | |a Komplementäre Medizin im interdisziplinären Diskurs |v 4 |9 4 |w (DE-627)509884121 |w (DE-576)067271251 |w (DE-600)2229538-0 |x 1422-4763 |7 am | |
| 856 | 4 | 2 | |u http://www.gbv.de/dms/hbz/toc/ht012753612.pdf |m V:DE-605 |q pdf/application |v 2008-11-15 |x Verlag |y Inhaltsverzeichnis |3 Inhaltsverzeichnis |7 1 |
| 935 | |a mteo | ||
| 935 | |i Blocktest | ||
| 936 | r | v | |a DF 4500 |b Allgemeines und Deutschland |k Pädagogik |k Systematische Pädagogik |k Pädagogische Anthropologie |k Allgemeines und Deutschland |0 (DE-627)1270769421 |0 (DE-625)rvk/19547:761 |0 (DE-576)200769421 |
| 936 | r | v | |a BK 8200 |b Medizin, Biologie |k Theologie und Religionswissenschaften |k Theologische Ethik/Moraltheologie |k Spezielle Moraltheologie/Spezielle Ethik |k Grenzgebiete |k Medizin, Biologie |0 (DE-627)1270725777 |0 (DE-625)rvk/11966: |0 (DE-576)200725777 |
| 936 | r | v | |a YU 4003 |b Kompendien, Repetitorien, Leitfäden, Kurzdarstellungen, programmierter Unterricht |k Medizin |k Allgemeine Therapie |k Alternative Medizin, Naturheilverfahren und neue Strömungen der Medizin |k Allgemeines |k A. Formalschlüssel |k Kompendien, Repetitorien, Leitfäden, Kurzdarstellungen, programmierter Unterricht |0 (DE-627)127164018X |0 (DE-625)rvk/154199:12909 |0 (DE-576)20164018X |
| 936 | r | v | |a YU 4000 |b Allgemeines |k Medizin |k Allgemeine Therapie |k Alternative Medizin, Naturheilverfahren und neue Strömungen der Medizin |k Allgemeines |k Allgemeines |0 (DE-627)1270953303 |0 (DE-625)rvk/154199:12905 |0 (DE-576)200953303 |
| 951 | |a BO | ||
| ACO | |a 1 | ||
| ELC | |b 1 | ||
| ORI | |a SA-MARC-ixtheo_oa001.raw | ||
| REL | |a 1 | ||
| STA | 0 | 0 | |a Body,Body,Body,Human body in literature,Material body,Physical body,Medicine,Medicine,Medical science,Medicine in literature |
| STB | 0 | 0 | |a Corps,Corps,Corps,Corps,Médecine,Médecine |
| STC | 0 | 0 | |a Cuerpo,Cuerpo,Cuerpo,Cuerpo,Medicina,Medicina |
| STD | 0 | 0 | |a Corpo,Corpo,Corpo,Corpo,Medicina,Medicina |
| STE | 0 | 0 | |a 医学,医疗科学,物体,身体,身体,躯体,躯干,躯体,躯干,身体,躯干 |
| STF | 0 | 0 | |a 物體,身體,身體,軀體,軀干,軀體,軀干,身體,軀干,醫學,醫療科學 |
| STG | 0 | 0 | |a Corpo,Corpo,Corpo,Corpo,Medicina,Medicina |
| STH | 0 | 0 | |a Медицина (мотив),Медицина,Тело (физика),Тело (мотив),Тело,Тело,Плоть |
| STI | 0 | 0 | |a Ιατρική (μοτίβο),Ιατρική,Σώμα,Σώμα (φυσική),Σώμα (μοτίβο),Σώμα |
| SUB | |a REL | ||
| SYG | 0 | 0 | |a Medical sciences,Biomedicine,Clinical biochemistry,Heilkunst,Medicine,Medizinische Forschung,Naturmedizin,Humanmedizin,Heilkunst , Materieller Körper,Körperbild,Mensch,Menschlicher Körper,Corpus |



